David Lean Filmography - Statistics

General Stats
  • This quiz has been taken 33 times
  • The average score is 21 of 42
Answer Stats
Type Year Name % Correct
Film Director 1965 Doctor Zhivago
100%
Film Director 1962 Lawrence of Arabia
100%
Film Production 1962 Lawrence of Arabia
100%
Film Director 1957 The Bridge on the River Kwai
96%
Film Director 1945 Brief Encounter
78%
Film Screenplay 1945 Brief Encounter
78%
Film Director 1984 A Passage to India
74%
Film Screenplay 1984 A Passage to India
74%
Film Editor 1984 A Passage to India
74%
Film Cameo 1984 A Passage to India
74%
Film Director 1970 Ryan's Daughter
70%
Film Director 1946 Great Expectations
65%
Film Screenplay 1946 Great Expectations
65%
Film Director 1948 Oliver Twist
57%
Film Screenplay 1948 Oliver Twist
57%
Film Director 1954 Hobson's Choice
48%
Film Screenplay 1954 Hobson's Choice
48%
Film Production 1954 Hobson's Choice
48%
Film Director 1955 Summertime
48%
Film Screenplay 1955 Summertime
48%
Film Director 1945 Blithe Spirit
39%
Film Screenplay 1945 Blithe Spirit
39%
Film Director 1952 The Sound Barrier
39%
Film Production 1952 The Sound Barrier
39%
Film Director 1944 This Happy Breed
39%
Film Screenplay 1944 This Happy Breed
39%
Film Director 1950 Madeleine
35%
Film Director 1949 The Passionate Friends
35%
Film Screenplay 1949 The Passionate Friends
35%
Short Documentary Director 1979 Lost and Found: The Story of Cook's Anchor
30%
Film Editor 1938 Pygmalion
30%
Film Editor 1934 Tiger Bay
30%
Film Editor 1941 49th Parallel
26%
Film Editor 1936 As You Like It
26%
Film Editor 1934 Dangerous Ground
26%
Film Editor 1942 One of Our Aircraft Is Missing
26%
Film Editor 1939 Spies of the Air
26%
Film Editor 1933 The Ghost Camera
26%
Film Editor 1934 The Secret of the Loch
26%
TV Documentary Appearance 1971 David Lean: A Self Portrait
22%
Film Cameo 1933 Money for Speed
22%
Documentary Appearance 2019 The Art of Directing: David Lean
4%
No matching quizzes found
Score Distribution
Percent of People with Each Score
Percentile by Number Answered
Your Score History
You have not taken this quiz